Paroles : Je m'en vais - Frère des Ours - Statistiques

Statistiques générales
  • Ce quiz a été pris 383 fois
  • Le résultat moyen est 193 sur 248
Statistiques - réponses
Paroles % Correct
me
100%
à
99%
a
99%
je
99%
Je
99%
m'en
99%
vais
99%
vais)
99%
amis
98%
mes
98%
que
98%
de
97%
Dites
97%
dites
97%
pars
95%
nouveaux
94%
vers
94%
Vers
94%
le
92%
Le
92%
pays
92%
Et
90%
et
90%
ce
84%
ma
83%
qui
82%
est
80%
soleil
80%
vie
80%
c'est
79%
C'est
79%
(C'est
79%
dans
77%
mon
77%
ciel
76%
tout
76%
la
73%
des
71%
pas
71%
se
71%
moi
70%
70%
compte
69%
ne
67%
guide
66%
ça
65%
fais
65%
il
64%
bleu,
63%
bleu
63%
J'ai
63%
Peu
63%
un
63%
au
62%
cœur
62%
chacun
60%
les
58%
nous
58%
rien
58%
importe
57%
j'aime
57%
mieux
57%
vrai,
57%
vrai
57%
peux
56%
revoir
56%
leurs
55%
n'y
55%
sourire
55%
fait
54%
m'empêcher
54%
sépare
54%
Car
51%
idéal
51%
Vous
51%
chaud
50%
sous
49%
Sous
49%
suis
49%
vent
49%
Alors
48%
avenir
47%
meilleur
47%
étoiles
46%
Oh
46%
lune
45%
écrit
44%
Ni
44%
ni
44%
pluie
44%
réchauffe
44%
nos
43%
lèvera
41%
nuits
41%
visage
41%
Oui
40%
histoires
39%
dormir
38%
impatient
38%
neige
38%
protège
38%
souris
36%
changeront
35%
d'arriver
35%
du
35%
partager
33%
temps
33%
pouvez
32%
bon
31%
rentrer
31%
toujours
26%
frotte
24%
bonheur
21%
descend
7%
Aucun quiz correspondant
Distribution des résultats
% des personnes avec chaque résultat
Percentile par nombre de réponses
Votre historique - résultats
Vous n’avez pas pris ce quiz